| 000 | 00965cam a2200277 a 4500 | ||
|---|---|---|---|
| 003 | MX-MxUPN | ||
| 005 | 20241015160834.0 | ||
| 008 | 190617s2000 mx a br 000 0 spa d | ||
| 020 | _a970185733X | ||
| 035 | _aUPN01000231370 | ||
| 040 |
_aMX-MxUPN _bspa |
||
| 041 | 4 | _aTlapaneca | |
| 050 | 4 |
_aLB1578.333 T5 _bA464 2000 |
|
| 245 | 1 | 0 |
_aAjngáa me´phaa : _blibro de literatura en lengua tlapaneca de Guerrero |
| 250 | _aPrimera edición | ||
| 260 |
_aMéxico, D.F. : _bSecretaría de Educación Pública, Dirección General de Educación Indígena , _c2000. |
||
| 300 |
_a172 páginas : _bilustraciones a color |
||
| 650 | 4 |
_98361 _aCartilla tlapaneca |
|
| 650 | 4 |
_915337 _aIndígenas de México _zGuerrero _xLenguas |
|
| 650 | 4 |
_954134 _aTlapaneca _xEstudio y enseñanza (Elemental) |
|
| 700 | 1 |
_954136 _aBautista Ventura, Renato _ecompilación |
|
| 902 | _bVíctorGodínez/151024 | ||
| 905 | _aLibro | ||
| 942 |
_2lcc _cLIBRO |
||
| 999 |
_c203465 _d203465 |
||